Regulácia v sieťových odvetviach zameraná na konkrétny podnik diplomová práca

Saved in:
Bibliographic Details
Main Author: Cvoligová, Veronika
Corporate Author: Národohospodárska fakulta EU. Katedra financií
Other Authors: Gertler, Ľubomíra, 1977-
Format: Book
Language:Slovak
Published: Bratislava 2012
Tags: Add Tag
No Tags, Be the first to tag this record!

MARC

LEADER 00000nbm a2200000 4500
001 0152113
005 20170315090430.1
041 0 |a slo 
044 |a SK 
245 1 0 |a Regulácia v sieťových odvetviach zameraná na konkrétny podnik  |b diplomová práca  |c Veronika Cvoligová ; školiteľ: Ľubomíra Gertler 
264 1 |a Bratislava  |c 2012 
300 |a 66 s. 
100 1 |a Cvoligová, Veronika 
700 1 |a Gertler, Ľubomíra, 1977- 
710 2 |a Národohospodárska fakulta EU. Katedra financií